SOĞUK KAHVE (Record no. 975509)

MARC details
000 -LEADER
sabit uzunluktaki kontrol alanı 00234nam a2200097Ia 4500
001 - KONTROL NUMARASI
kontrol alanı 975509
005 - EN SON İŞLEMİN TARİH VE ZAMANI
kontrol alanı 20250826220650.0
008 - SABİT-UZUNLUKTA VERİ ÖĞELERİ--GENEL BİLGİ
sabit uzunluktaki kontrol alanı 250824s9999 xx 000 0 und d
245 #0 - ESER / YAZAR
ESER ADI SOĞUK KAHVE
Yazar Adı AHMET BATMAN
260 ## - YAYIN, DAĞITIM, VB.
YAYIN EVİ DESTEK YAYINLARI
Holdings
Düşüm durumu Kayıp durumu Hasar Durumu Ödünç verilmez Ana kütüphane Geçerli Kütüphane Edinilen tarih Toplam ödünç verme sayısı Barkod Son görüntüleme tarihi Fiyatın geçerli olmaya başladığı tarih Koha materyal türü
        BUHARİ ANADOLU İMAM HATİP LİSESİ BUHARİ ANADOLU İMAM HATİP LİSESİ 24.08.2025   10685259 26.08.2025 26.08.2025 Books